Guess the Wicked Lyrics 8 Quiz Stats

 Plays Quiz not verified by Sporcle

Score 0/198 Timer 10:00
0 Plays Today
% Correct
the
96.5%
the
96.5%
and
96.5%
the
96.5%
the
96.5%
and
96.5%
And
96.5%
I
96.5%
I
96.5%
I
96.5%
I
96.5%
I
96.5%
I
96.5%
I
96.5%
I
96.5%
I
96.5%
I
96.5%
I
96.5%
I
96.5%
I
96.5%
I
96.5%
you
88.3%
you
88.3%
you
88.3%
you
88.3%
You
88.3%
You
88.3%
you
88.3%
you
88.3%
you
88.3%
me
85.9%
me
85.9%
me
85.9%
No
85.3%
to
82.9%
to
82.9%
to
82.9%
to
82.9%
to
82.9%
to
82.9%
So
82.2%
so
82.2%
for
82%
for
82%
for
82%
in
81.6%
go
81.5%
gravity
81.3%
gravity
81.3%
defying
81.1%
defying
81.1%
I'm
80.5%
I'm
80.5%
of
80.4%
of
80.4%
of
80.4%
can
80.3%
can
80.3%
it
79.5%
it
79.5%
is
78.5%
be
78.4%
your
77.6%
your
77.6%
with
77.2%
with
77.2%
% Correct
can't
76.9%
can't
76.9%
can't
76.9%
Can't
76.9%
you're
76.7%
you're
76.7%
you're
76.7%
you're
76.7%
you're
76.7%
you're
76.7%
you're
76.7%
you're
76.7%
you're
76.7%
You're
76.7%
too
76.2%
Too
76.2%
too
76.2%
think
75.7%
think
75.7%
wizard
75.6%
try
75%
try
75%
not
74.7%
now!
74.3%
now!
74.3%
my
74.2%
my
74.2%
i'll
73.7%
have
73.6%
have
73.6%
hope
73.5%
hope
73.5%
hope
73.5%
hope
73.5%
hope
73.5%
hope
73.5%
hope
73.5%
hope
73.5%
happy!
73.4%
happy
73.4%
happy
73.4%
happy!
73.4%
happy
73.4%
happy
73.4%
down!
73.1%
what
72.6%
Something
72.6%
Something
72.5%
someone
72.5%
someone
72.5%
through
72.1%
through
72.1%
It's
72%
It's
72%
has
71.8%
by
71.6%
how
71.5%
how
71.5%
how
71.5%
don't
71%
changed
70.8%
all
70.7%
time
70.7%
time
70.7%
ever
70.4%
game
70.4%
% Correct
rules
70.4%
else's
70.4%
playing
70.2%
want
70.1%
want
70.1%
same
69.8%
within
69.6%
Why
69.4%
'cos
69.3%
late
69%
late
69%
back
68.6%
eyes
68.5%
second
68.5%
cause
68.4%
Close
68.3%
wanted
68.1%
sleep
68.1%
anymore
68%
still
67.9%
you've
67.8%
say
67.5%
flying
67.4%
trust
67.1%
leap!
67.1%
Just
66.9%
right
66.8%
off
66.7%
waited
66.2%
Elphaba
66%
own
66%
instincts
65.9%
know
65.8%
guessing
65.7%
handle?
65.7%
feed
65.5%
But
65.3%
once?!
65.2%
clever!
65%
ambition
64.9%
forever
64.9%
submission
64.5%
worked
64.5%
couldn't
64.5%
Instead
63.7%
imagine
63.7%
proud
63.3%
would
63.2%
hurt
62.6%
calm
62.5%
though
61.9%
grovel
61.5%
sorry
60.2%
says
60.1%
limits
59.9%
pull
59.5%
they're
59.4%
make
58.7%
understand?
58.1%
Elphie
57.9%
stayed
57.5%
having
57.4%
accepting
57%
Listen
56.9%
delusions
55.9%
grandeur?
49.7%

You're not logged in!

Compare scores with friends on all Sporcle quizzes.
OR
Log In

Show Comments

Extras

Top Quizzes Today


Score Distribution

Your Account Isn't Verified!

In order to create a playlist on Sporcle, you need to verify the email address you used during registration. Go to your Sporcle Settings to finish the process.

Report this User

Report this user for behavior that violates our Community Guidelines.

Details: